000 00735nam a22002535i 4500
001 10707
003 ES-MaACL
005 20240605062958.0
007 t|
008 920421s1991 sp ||||0| spa j
020 _a8486351294
040 _aM-BN
_bspa
_cM-BN
080 _a860-14"19"
100 0 _aRincón, Vicente,
_d1930-
_997265
245 1 0 _aMeditaciones para un crepúsculo /
_cVicente Rincón.
250 _a[1ª ed.].
260 _aHumanes de Madrid :
_bJuan Pastor,
_c1991.
300 _a61 p. ;
_c20 cm.
490 1 _aDevenir. Serie Poesía ;
_v49
830 0 0 _aDevenir.
_pSerie Poesía ;
_v49
_9236243
852 _aES-MaACL
_jP-1931 N 49
_bR.122645
_911000
942 _2udc
999 _c10707
_d10707